| 000 | 00378nam a2200145Ia 4500 | ||
|---|---|---|---|
| 008 | 231221s9999 xx 000 0 und d | ||
| 041 | _aEnglish | ||
| 082 | _aLIBRARY-J3 | ||
| 245 | 0 | _aRenewable watch (2011 - | |
| 260 |
_cJul, 2018 _bAlok brara _aNew Delhi |
||
| 300 | _cJN39158,CD7131 | ||
| 650 | _aMechanical | ||
| 650 | _aRenewable,watch,(2011,-,Mechanical | ||
| 942 | _cCD | ||
| 999 |
_c234898 _d234898 |
||